Koncepcia a metodológia prototypu systému modelov pre makroekonomické analýzy prílohy

Salvato in:
Dettagli Bibliografici
Natura: Libro
Lingua:slovacco
Pubblicazione: Bratislava Výskumné výpočtové stredisko 1979
Serie:Výskumné práce, č. 171
Tags: Aggiungi Tag
Nessun Tag, puoi essere il primo ad aggiungerne!!

MARC

LEADER 00000nam a2200000 4500
001 0220105
005 20240822101657.3
041 0 |a slo 
044 |a SK 
245 1 0 |a Koncepcia a metodológia prototypu systému modelov pre makroekonomické analýzy  |b prílohy 
264 1 |a Bratislava  |b Výskumné výpočtové stredisko  |c 1979 
300 |a Nestr. 
490 1 |a Výskumné práce, č. 171 
830 0 |a Výskumné práce, č. 171